000
00274nam a22001217a 4500
008
180314b xxu||||| |||| 00| 0 eng d
041
_a
eng
080
_a
621
100
_a
26
101
_a
mec
245
_a
asae standards 2000 engineering
_c
tinsey.k.g
942
_2
udc
_c
BK
999
_c
44965
_d
44965